Aussie Animals - Statistics

General Stats
  • This quiz has been taken 97 times
  • The average score is 11 of 15
Answer Stats
Picture Answer % Correct
Kangaroo
99%
Koala
95%
Platypus
93%
Emu
92%
Wombat
88%
Dingo
83%
Magpie
83%
Kookaburra
82%
Cockatoo
76%
Echidna
75%
Tasmanian Devil
64%
Quokka
51%
Budgie
48%
Galah
46%
Lorikeet
44%
No matching quizzes found
Score Distribution
Percent of People with Each Score
Percentile by Number Answered
Your Score History
You have not taken this quiz